LEADER 00848nam0-22003011i-450- 001 990002867190403321 035 $a000286719 035 $aFED01000286719 035 $a(Aleph)000286719FED01 035 $a000286719 100 $a20000920d1996----km-y0itay50------ba 101 0 $aITA 200 1 $a<>tecnologia dell'informazione e la Banca d'Italia$fBanca d'Italia 210 $aRoma$cBI$d1996 215 $a92 p.$d30 cm 225 1 $aTematiche aziendali 610 0 $aEconomia aziendale$amonografie 610 0 $aSistemi informativi 676 $a332.1 710 11$aBanca d'Italia$0493732 801 0$aIT$bUNINA$gRICA$2UNIMARC 901 $aBK 912 $a990002867190403321 952 $aXVII-E-59$b4327$fMAS 959 $aMAS 996 $aTecnologia dell'informazione e la Banca d'Italia$9415438 997 $aUNINA DB $aING01 LEADER 01142nam 2200397 450 001 9910815260503321 005 20230809224659.0 010 $a962-996-817-7 035 $a(CKB)3710000001402009 035 $a(MiAaPQ)EBC5433627 035 $a(Au-PeEL)EBL5433627 035 $a(OCoLC)1042320619 035 $a(EXLCZ)993710000001402009 100 $a20200123d2017 uy 0 101 0 $aeng 135 $aurcnu|||||||| 181 $ctxt$2rdacontent 182 $cc$2rdamedia 183 $acr$2rdacarrier 200 10$aLam Woo $emaster builder, revolutionary, and philanthropist /$fMoira M. W. Chan-Yeung 210 1$aHong Kong :$cChinese University Press,$d[2017] 210 4$dİ2017 215 $a1 online resource (260 pages) $cillustrations 300 $aIncludes index. 311 $a962-996-784-7 606 $aRevolutionaries$zChina$vBiography 615 0$aRevolutionaries 676 $a322.420922 700 $aChan-Yeung$b Moira M. W.$01615423 801 0$bMiAaPQ 801 1$bMiAaPQ 801 2$bMiAaPQ 906 $aBOOK 912 $a9910815260503321 996 $aLam Woo$93945608 997 $aUNINA